ロード中...
Electric energy systems theory: an introduction/
| 第一著者: | |
|---|---|
| フォーマット: | Printed Book |
| 言語: | English |
| 出版事項: |
Bombay:
Tata McGraw-Hill,
1971
|
| LEADER | 00546nam a22001577a 4500 | ||
|---|---|---|---|
| 003 | OSt | ||
| 005 | 20200624134529.0 | ||
| 008 | 151106b xxu||||| |||| 00| 0 eng d | ||
| 082 | |a 621.3 ELG/E | ||
| 100 | |a Elgerd, Olle I. | ||
| 245 | |a Electric energy systems theory: |b an introduction/ |c Olle I. Elgerd | ||
| 260 | |a Bombay: |b Tata McGraw-Hill, |c 1971 | ||
| 300 | |a 564p. | ||
| 942 | |2 ddc |c BK | ||
| 999 | |c 323444 |d 323444 | ||
| 952 | |0 0 |1 0 |2 ddc |4 0 |6 621_300000000000000_ELG_E |7 0 |9 369905 |a CSC |b CSC |c ST1 |d 2015-11-06 |i 2322 |l 0 |o 621.3 ELG/E |p CSC2322 |r 2015-11-06 |w 2015-11-06 |y BK | ||